000 00900nam a2200265Ia 4500
003 OSt
005 20220930092839.0
006 a|||||r|||| 00| 0
007 ta
008 220926b |||||||| |||| 00| 0 eng d
024 _a25293
037 _cTheses
040 _aCRL
_cCRL
_beng
041 _2eng
_aeng
100 _aAgrawal Shubhra
_9549840
110 _aUniversity OF Delhi. Faculty OF Medical Sciences. Department OF Pathology
245 0 _aFrequency of topoisomerase 2 alpha expression in carcinoma breast in a tertiary care hospital
260 _c2014
650 _aPATHOLOGY
_9174058
700 _a Dr. Sonal Sharma Gu.
_9542236
700 _a Dr. Usha Rani Sigh Gu.
_9549841
700 _aUniversity OF Delhi. Faculty OF Medical Sciences. Department OF Pathology
942 _cDIS
_2CC
999 _c884382
_d884382